[Event "It (open)"]
[Site "masterchessopen.com Taby (Sweden)"]
[Date "2007.08.07"]
[Round "5"]
[White "Djuric Stefan (SRB)"]
[Black "Li Chao (CHN)"]
[Result "0-1"]
[WhiteElo "2463"]
[BlackElo "2548"]

1.d4 Nf6 2.c4 g6 3.g3 Bg7 4.Bg2 d5 5.cxd5 Nxd5 6.e4 Nb6 7.Ne2 c5 8.d5 O-O
9.O-O e6 10.Nec3 Na6 11.Na3 exd5 12.exd5 Bf5 13.Be3 Re8 14.Qd2 Qd7 15.Rfd1
Rac8 16.Bf1 Bg4 17.Bb5 Qf5 18.Bxe8 Rxe8 19.Bh6 Bxd1 20.Rxd1 Bxh6 21.Qxh6 Nb4
22.Nab5 Nd3 23.Qd2 Qf3 24.Nd6 Re5 25.Nde4 c4 26.Qe3 Qxe3 27.fxe3 f5 28.Nd6
Rxe3 29.Nxb7 Nxb2 30.Rc1 Nd3 31.Rb1 Ne5 32.Rc1 Rd3 33.d6 Rd2 34.h4 Kf7 35.Kf1
Nd5 36.Nxd5 Rxd5 37.Ke2 Ke6 38.Rc3 Rb5 39.d7 Kxd7 {#R} 0-1

[Event "Ch City (open)"]
[Site "masterchessopen.com Lipetsk (Russia)"]
[Date "2007.08.18"]
[Round "5"]
[White "Filin Alexander (RUS)"]
[Black "Kasantsev Anatolij B (RUS)"]
[Result "1-0"]
[WhiteElo "2191"]
[BlackElo "2105"]

1.d4 Nf6 2.c4 g6 3.g3 Bg7 4.Bg2 d5 5.cxd5 Nxd5 6.e4 Nb6 7.Ne2 Nc6 8.d5 Na5
9.Nbc3 c6 10.O-O cxd5 11.exd5 Nac4 12.b3 Nd6 13.Bg5 h6 14.Bf4 O-O 15.Nd4 Bd7
16.a4 Rc8 17.Qd2 Nf5 18.Nce2 g5 19.Be3 Nxe3 20.fxe3 Bg4 21.Nc3 e6 22.h3 Bh5
23.dxe6 fxe6 24.Rxf8+ Bxf8 25.Ne4 e5 26.Qf2 exd4 27.Nf6+ Kh8 28.Nxh5 dxe3
29.Qb2+ Kg8 30.Rf1 Qd2 31.Qe5 Qd6 32.Qf5 e2 33.Nf6+ Qxf6 34.Qxf6 exf1=Q+
35.Bxf1 Rc6 36.Qf5 Bg7 37.a5 Nc8 38.Bc4+ {#r} 1-0

[Event "Ch Tatarstan (open)"]
[Site "masterchessopen.com Kazan (Russia)"]
[Date "2007.08.27"]
[Round "8"]
[White "Gabdrakhmanov Rafail (RUS)"]
[Black "Rodchenkov Sergey D (RUS)"]
[Result "1-0"]
[WhiteElo "2401"]
[BlackElo "2386"]

1.d4 Nf6 2.c4 g6 3.g3 Bg7 4.Bg2 d5 5.cxd5 Nxd5 6.e4 Nb6 7.Ne2 h5 8.h3 c5 9.d5
e6 10.O-O exd5 11.exd5 O-O 12.a4 Na6 13.Na3 Nb4 14.Nc3 Bf5 15.Qb3 a5 16.Ne4
Rc8 17.Nc4 Nxc4 18.Qxc4 Bxe4 19.Bxe4 Re8 20.Bf4 Be5 21.Bxe5 Rxe5 22.d6 Qxd6
23.Bxb7 Rd8 24.Bg2 Qd2 25.Qc3 Rd4 26.Rae1 Rf5 27.Re8+ Kg7 28.Be4 Rf6 29.Qxc5
Rdd6 30.Qxa5 h4 31.g4 Rde6 32.Rxe6 Rxe6 33.Bg2 Qxb2 34.Qd8 Rf6 35.a5 Qe5
36.Rd1 g5 37.Qd4 Qxa5 38.Rc1 Qb6 39.Rc5 Kf8 40.Qe5 Qd8 41.Qxg5 Qd1+ 42.Bf1
{#r} 1-0

[Event "Bundesliga 2007/08 (w)"]
[Site "masterchessopen.com Germany"]
[Date "2007.11.11"]
[Round "2"]
[White "Straub Natalia (GER)"]
[Black "Haack Karin (GER)"]
[Result "1-0"]
[WhiteElo "2284"]
[BlackElo "2099"]

1.d4 Nf6 2.c4 g6 3.g3 Bg7 4.Bg2 d5 5.cxd5 Nxd5 6.e4 Nb6 7.Ne2 c5 8.d5 O-O
9.O-O e6 10.Nbc3 exd5 11.exd5 Na6 12.h3 Bf5 13.g4 Bd7 14.Bf4 Re8 15.Rc1 c4
16.Qd2 Nc5 17.Bg5 Bf6 18.Be3 Nd3 19.Rb1 Qe7 20.Nf4 Nxf4 21.Bxf4 Be5 22.d6 Qh4
23.Bg5 {#r} 1-0

[Event "Ch World (juniors) (under 14)"]
[Site "masterchessopen.com Kemer (Turkey)"]
[Date "2007.11.18"]
[Round "1"]
[White "Tsirekidze Giorgi (GEO)"]
[Black "Lagarde Maxime (FRA)"]
[Result "0-1"]
[WhiteElo "1924"]
[BlackElo "2256"]

1.d4 Nf6 2.c4 g6 3.g3 Bg7 4.Bg2 d5 5.cxd5 Nxd5 6.e4 Nb6 7.Ne2 c5 8.d5 e6
9.Nbc3 exd5 10.exd5 O-O 11.O-O Re8 12.Be3 Na6 13.Qb3 Bf5 14.Rad1 Qd7 15.Rd2
Rac8 16.Rfd1 Nb4 17.Bxc5 Rxc5 18.Qxb4 Rec8 19.d6 Nc4 20.Bxb7 Nxd2 21.Rxd2 Bxc3
22.bxc3 Rb8 23.Rb2 Re5 24.Qd4 {#R} 0-1

[Event "Cup Governor's"]
[Site "masterchessopen.com Khanty Mansyisk (Russia)"]
[Date "2007.11.23"]
[Round "3"]
[White "Dashibalov Erdem (RUS)"]
[Black "Vokarev Sergey (RUS)"]
[Result "1-0"]
[WhiteElo "2326"]
[BlackElo "2495"]

1.d4 Nf6 2.c4 g6 3.g3 Bg7 4.Bg2 d5 5.cxd5 Nxd5 6.e4 Nb6 7.Ne2 c5 8.d5 e6 9.O-O
exd5 10.exd5 O-O 11.Nbc3 Na6 12.d6 Rb8 13.Bf4 Bd7 14.b3 Bg4 15.Rc1 Qd7 16.Re1
Rbc8 17.Qd2 Bf5 18.Ne4 Bxe4 19.Bxe4 Rcd8 20.Nc3 Nc8 21.Bg5 f6 22.Qd5+ Kh8
23.Bf4 f5 24.Bg2 Nb4 25.Qf3 Nc6 26.Na4 Nd4 27.Qxb7 Qxb7 28.Bxb7 Nxd6 29.Bg2
Ne4 30.Nxc5 {#r} 1-0

[Event "Ch World (juniors) (under 14)"]
[Site "masterchessopen.com Kemer (Turkey)"]
[Date "2007.11.27"]
[Round "10"]
[White "Plat Vojtech (CZE)"]
[Black "Lagarde Maxime (FRA)"]
[Result "0-1"]
[WhiteElo "2296"]
[BlackElo "2256"]

1.d4 Nf6 2.c4 g6 3.g3 Bg7 4.Bg2 d5 5.cxd5 Nxd5 6.e4 Nb6 7.Ne2 c5 8.d5 O-O
9.O-O e6 10.Nec3 exd5 11.exd5 Na6 12.Na3 Bf5 13.Be3 Qd7 14.Bf3 h5 15.Qd2 Rac8
16.Rfe1 Nb4 17.d6 Be6 18.Ncb5 Nd3 19.Nxa7 Rce8 20.Qa5 Nc8 21.N3b5 Nxa7 22.Nxa7
b6 23.Qb5 Ne5 24.Qxd7 Nxf3+ {#R} 0-1

[Event "Czech League 2007/08 (2nd) (b)"]
[Site "masterchessopen.com Czech Republic"]
[Date "2007.12.02"]
[Round "4"]
[White "Bretsnajdr Vladimir (CZE)"]
[Black "Smid Miroslav (CZE)"]
[Result "1-0"]
[WhiteElo "2315"]
[BlackElo "2215"]

1.d4 Nf6 2.c4 g6 3.g3 Bg7 4.Bg2 d5 5.cxd5 Nxd5 6.e4 Nb6 7.Ne2 e5 8.d5 c6
9.Nbc3 O-O 10.O-O cxd5 11.exd5 N8d7 12.a4 Nf6 13.a5 Nc4 14.Qa4 Nd6 15.Be3 Nfe8
16.Rac1 f5 17.f4 e4 18.Rfd1 Bd7 19.Qb4 a6 20.Bb6 Qe7 21.Bc5 Rf7 22.Nd4 Bf8
23.Bf1 Qf6 24.Qb3 Rc8 25.Ne6 Bxe6 26.dxe6 Rxc5 27.exf7+ Qxf7 28.Qxf7+ Kxf7
29.b4 Rc6 30.b5 Rc5 31.bxa6 bxa6 32.Rd5 Rc6 33.Na2 Rxc1 34.Nxc1 Nc7 35.Rc5
Ndb5 36.Rc6 e3 37.Bxb5 Nxb5 38.Ne2 {#r} 1-0

[Event "Cup Rilton"]
[Site "masterchessopen.com Stockholm (Sweden)"]
[Date "2007.12.28"]
[Round "2"]
[White "Akesson Joel (SWE)"]
[Black "Nyback Tomi (FIN)"]
[Result "0-1"]
[WhiteElo "2344"]
[BlackElo "2565"]

1.d4 Nf6 2.c4 g6 3.g3 Bg7 4.Bg2 d5 5.cxd5 Nxd5 6.e4 Nb6 7.Ne2 O-O 8.O-O Na6
9.Nbc3 c5 10.d5 e6 11.Nf4 e5 12.Nd3 c4 13.Ne1 f5 14.Be3 Bd7 15.Qd2 Rc8 16.Rd1
Nc5 17.d6 Qf6 18.Bg5 Qe6 19.exf5 gxf5 20.Nd5 Kh8 21.Ne7 Rcd8 22.Nd5 e4 23.Nf4
Qe5 24.Nh5 Qxb2 25.Qe3 Nd3 26.Nxg7 Qxg7 27.Bxd8 Rxd8 28.Nxd3 cxd3 29.f3 Nc4
30.Qc5 Rc8 31.Qxa7 Nxd6 32.fxe4 fxe4 33.Qb6 Bc6 34.Qc5 Rd8 35.Rfe1 Qg6 36.Qe5+
Kg8 37.Bh3 Re8 38.Qd4 Nf7 39.Qc4 Kh8 40.Qd4+ Qg7 41.Qxg7+ Kxg7 42.Bg2 Nd6
43.Bf1 Ba4 {#R} 0-1

[Event "It (open)"]
[Site "masterchessopen.com Schwabisch Gmund (Germany)"]
[Date "2008.01.04"]
[Round "6"]
[White "Braun Peter (GER)"]
[Black "Schulze Andreas (GER)"]
[Result "1-0"]
[WhiteElo "2231"]
[BlackElo "2218"]

1.d4 Nf6 2.c4 g6 3.g3 Bg7 4.Bg2 d5 5.cxd5 Nxd5 6.e4 Nb6 7.Ne2 O-O 8.O-O Nc6
9.d5 Na5 10.Nbc3 c6 11.dxc6 Nxc6 12.Bf4 Bg4 13.f3 Be6 14.Qc1 Nc4 15.Kh1 Nb4
16.Nd5 Bxd5 17.exd5 Qxd5 18.Nc3 Qf5 19.Ne4 Rac8 20.g4 Qe6 21.Bh6 Nd3 22.Bxg7
Nxc1 23.Bxf8 Kxf8 24.Rfxc1 Nd6 25.Nc5 Qe3 26.Rc3 Qg5 27.Rd1 Rxc5 28.f4 Qxg4
29.Bf3 Qc8 {#r} 1-0

[Event "Bayern Landesliga South 2007/08"]
[Site "masterchessopen.com Bayern (Germany)"]
[Date "2008.02.17"]
[Round "6"]
[White "Umansky Mikhail (GER)"]
[Black "Bensch Patrick (GER)"]
[Result "1-0"]
[WhiteElo "2469"]
[BlackElo "2225"]

1.d4 Nf6 2.c4 g6 3.g3 Bg7 4.Bg2 d5 5.cxd5 Nxd5 6.e4 Nb6 7.Ne2 O-O 8.O-O c5
9.d5 e6 10.Nbc3 exd5 11.exd5 Na6 12.Bf4 Bf5 13.h3 Rc8 14.g4 Bd7 15.Ne4 Nc4
16.b3 Ne5 17.Bg5 f6 18.Bh4 g5 19.Bg3 f5 20.Nxg5 f4 21.Bxf4 Rxf4 22.Nxf4 Qxg5
23.Ne6 Bxe6 24.dxe6 Qe7 25.Qe2 Nc6 26.Rad1 Nd4 27.Qe4 Rc6 28.f4 Rxe6 29.Qxb7
Qxb7 30.Bxb7 Nc7 31.f5 Rb6 32.Be4 Bf6 33.Bd3 Kg7 34.Rc1 Be7 35.g5 Bxg5 36.Rxc5
Ne8 37.Kg2 Rb7 38.Rd1 Bf6 39.Rd5 Re7 40.Rd2 Nc7 41.Rc5 Na8 42.Bc2 Nb6 43.Bd1
Kh6 44.a4 Re5 45.Rxe5 Bxe5 46.Kf2 Kg5 47.Bc2 Nd5 48.a5 Nb4 49.Bb1 h5 50.Rd1
{#r} 1-0

[Event "Ch Romania"]
[Site "masterchessopen.com Cluj (Romania)"]
[Date "2008.02.28"]
[Round "6"]
[White "Grunberg Mihai-Lucian (ROM)"]
[Black "Lupulescu Constantin (ROM)"]
[Result "0-1"]
[WhiteElo "2398"]
[BlackElo "2594"]

1.d4 Nf6 2.c4 g6 3.g3 d5 4.cxd5 Nxd5 5.e4 Nb6 6.Bg2 Bg7 7.Ne2 c5 8.d5 e6 9.O-O
O-O 10.Nec3 Na6 11.Na3 exd5 12.exd5 Bf5 13.Be3 Qd7 14.Re1 Rfe8 15.Qd2 Nb4
16.Bf1 a6 17.Bxc5 N4xd5 18.Nxd5 Qxd5 19.Qxd5 Nxd5 20.Rxe8+ Rxe8 21.Rd1 Rc8
22.Bd6 Be6 23.Rd2 Nf6 24.Bf4 Bxa2 25.b4 Be6 26.b5 a5 27.b6 Nd5 28.Nb5 Nxf4
29.gxf4 Rc1 30.Kg2 Rxf1 31.Kxf1 Bc4+ 32.Ke1 Bxb5 33.Rd8+ Bf8 {#R} 0-1

[Event "It \"]
[Site "masterchessopen.com Valby (Denmark)"]
[Date "2008.04.01"]
[Round "5"]
[White "Brynell Stellan (SWE)"]
[Black "Mikkelsen Nikolaj (DEN)"]
[Result "1-0"]
[WhiteElo "2447"]
[BlackElo "2441"]

1.d4 Nf6 2.c4 g6 3.g3 Bg7 4.Bg2 d5 5.cxd5 Nxd5 6.e4 Nb6 7.Ne2 c5 8.d5 e6 9.O-O
O-O 10.Nec3 Na6 11.a4 exd5 12.exd5 Bf5 13.Na3 Qd7 14.a5 Nc8 15.Qb3 Re8 16.Be3
Bf8 17.Rfd1 Nb4 18.d6 Be6 19.Qa4 Qxa4 20.Nxa4 Nxd6 21.Bxc5 Nc4 22.Nxc4 Bxc4
23.Bxb4 Bxb4 24.Rd4 Rac8 25.b3 {#r} 1-0

[Event "It (cat.8)"]
[Site "masterchessopen.com Budapest (Hungary)"]
[Date "2008.04.12"]
[Round "8"]
[White "Ilincic Zlatko (SRB)"]
[Black "Wittmann Walter (AUT)"]
[Result "1-0"]
[WhiteElo "2542"]
[BlackElo "2281"]

1.d4 Nf6 2.c4 g6 3.g3 Bg7 4.Bg2 d5 5.cxd5 Nxd5 6.e4 Nb6 7.Ne2 O-O 8.O-O Nc6
9.d5 Na5 10.Qc2 c6 11.Bd2 Nac4 12.Bc3 cxd5 13.Bxg7 Kxg7 14.exd5 Bf5 15.Qc3+
Kg8 16.Nd4 Bxb1 17.Raxb1 Rc8 18.Rfd1 Nxd5 19.Qe1 Qd7 20.a4 e6 21.Nb5 Ncb6
22.Nc3 Nxa4 23.Nxd5 exd5 24.Rxd5 Qc7 25.Ra5 Rfe8 26.Qb4 Qc2 27.Rf1 Nxb2
28.Rxa7 Rb8 29.Qb5 Re2 30.Bd5 Qd3 31.Qd7 Qf5 32.Qc7 Rf8 33.Qxb7 Nd3 34.Bc4 Re5
35.Ra8 Ree8 36.Rxe8 Rxe8 37.Qb5 Ne5 38.Qxe8+ Kg7 39.Bd5 {#r} 1-0

[Event "Ch Europe"]
[Site "masterchessopen.com Plovdiv (Bulgaria)"]
[Date "2008.04.27"]
[Round "7"]
[White "Tahirov Farhad (AZE)"]
[Black "Atakisi Umut (TUR)"]
[Result "0-1"]
[WhiteElo "2452"]
[BlackElo "2393"]

1.d4 Nf6 2.c4 g6 3.g3 Bg7 4.Bg2 d5 5.cxd5 Nxd5 6.e4 Nb6 7.Ne2 c5 8.d5 e6 9.O-O
exd5 10.exd5 O-O 11.Nbc3 Na6 12.h3 Nc4 13.b3 Nd6 14.Bf4 Re8 15.Re1 g5 16.Be3
h6 17.a3 b6 18.Ra2 Bb7 19.Qb1 Rc8 20.Rd1 Qd7 21.Bc1 Nf5 22.Be4 Nd4 23.g4 Rcd8
24.Be3 Nxe2+ 25.Nxe2 Nc7 26.Rad2 Nb5 27.a4 Nd6 28.Bh7+ Kh8 29.Ng3 Re5 30.Bc2
Qe7 31.Kh2 Re8 32.Qc1 Bc8 33.Bb1 f5 34.Qc2 Qf7 35.b4 cxb4 36.Bd4 R5e7 37.Bxg7+
Qxg7 38.gxf5 Qf6 39.Rd4 a5 40.Qc6 Bd7 41.Qxb6 Bxa4 42.R1d2 Re1 43.Qxa5 Bb3
44.Ba2 Nxf5 45.Nxf5 Qxf5 46.Qb6 Rh1+ {#R} 0-1

[Event "It (cat.8)"]
[Site "masterchessopen.com Budapest (Hungary)"]
[Date "2008.05.03"]
[Round "1"]
[White "Ilincic Zlatko (SRB)"]
[Black "Wittmann Walter (AUT)"]
[Result "1-0"]
[WhiteElo "2542"]
[BlackElo "2281"]

1.d4 Nf6 2.c4 g6 3.g3 Bg7 4.Bg2 d5 5.cxd5 Nxd5 6.e4 Nb6 7.Ne2 O-O 8.O-O Nc6
9.d5 Na5 10.Qc2 c6 11.Bd2 Nac4 12.Bc3 cxd5 13.Bxg7 Kxg7 14.exd5 Bf5 15.Qc3+
Kg8 16.b3 Nd6 17.Nd2 Nb5 18.Qf3 Qd7 19.Nc4 Nxc4 20.bxc4 Nd6 21.c5 Be4 22.Qe3
Bxg2 23.Kxg2 Nf5 24.Qe4 Rfe8 25.Nf4 b6 26.c6 Qc7 27.Rac1 Rad8 28.h4 Ng7
29.Rfd1 Rc8 30.a4 Qd6 31.Qc4 Rc7 32.Ne2 Ra8 33.Nc3 a6 34.Ne4 Qe5 35.Rb1 b5
36.axb5 axb5 37.Rxb5 Nf5 38.d6 {#r} 1-0

[Event "It (open)"]
[Site "masterchessopen.com Zalakaros (Hungary)"]
[Date "2008.05.22"]
[Round "1"]
[White "Horvath Peter_ (HUN)"]
[Black "Pal Peter (SVK)"]
[Result "1-0"]
[WhiteElo "2473"]
[BlackElo "2134"]

1.d4 Nf6 2.c4 g6 3.g3 d5 4.cxd5 Nxd5 5.Bg2 Bg7 6.e4 Nb6 7.Ne2 O-O 8.O-O Na6
9.Nbc3 c5 10.d5 e5 11.b3 Bd7 12.Bb2 Nc8 13.Qd2 Nd6 14.Rac1 Rc8 15.f4 b5 16.Nd1
Qe7 17.Qa5 Nb4 18.fxe5 Bxe5 19.Bxe5 Qxe5 20.Nf2 Nxd5 21.exd5 Qxe2 22.Qxa7 Bf5
23.Rxc5 Ra8 24.Qb6 Rfd8 25.Rc6 Rab8 26.Qc5 Qe5 27.g4 Bc8 28.Nd3 Qe7 29.Re1 Qf8
30.h3 b4 31.Ne5 Rb5 32.Qd4 Bb7 33.Rc7 Re8 34.Rd1 Qg7 35.Nc6 Qf8 36.Rd7 f5
37.Rf1 Bc8 38.Rc7 Rb7 39.Rxb7 Bxb7 40.Qxb4 Re2 41.Re1 {#r} 1-0

[Event "Ch China (w)"]
[Site "masterchessopen.com Beijing (China)"]
[Date "2008.06.03"]
[Round "6"]
[White "Zhao Xue (CHN)"]
[Black "Ju Wenjun (CHN)"]
[Result "1-0"]
[WhiteElo "2518"]
[BlackElo "2397"]

1.d4 Nf6 2.c4 g6 3.g3 Bg7 4.Bg2 d5 5.cxd5 Nxd5 6.e4 Nb6 7.Ne2 O-O 8.Nbc3 Nc6
9.d5 Nb8 10.O-O e6 11.dxe6 Bxe6 12.Bf4 Qxd1 13.Rfxd1 Na6 14.Nd4 Bg4 15.f3 Bd7
16.Bf1 Na4 17.Rab1 Nxc3 18.bxc3 Ba4 19.Rdc1 Nc5 20.Bxc7 Rfc8 21.Bf4 b6 22.Be3
Rc7 23.Kf2 Rac8 24.Be2 Be8 25.Nb5 Bxb5 26.Bxb5 Ne6 27.c4 Bd4 28.Bxd4 Nxd4
29.Ba6 Rf8 30.c5 bxc5 31.Rc3 Rd8 32.Ke3 Kf8 33.Rbc1 Ne6 34.Bc4 Rdc8 35.f4 Kg7
36.g4 Rc6 37.Bd5 R6c7 38.Bc4 Rc6 39.Ra3 R8c7 40.Ra5 Nd8 41.Bd5 Nb7 42.Rxa7 Rb6
43.a4 {#r} 1-0

[Event "Ch City"]
[Site "masterchessopen.com Milanowek (Poland)"]
[Date "2008.06.26"]
[Round "6"]
[White "Sliwerski Radoslaw (POL)"]
[Black "Eggink Ryszard (POL)"]
[Result "1-0"]
[WhiteElo "2120"]
[BlackElo "1736"]

1.d4 Nf6 2.c4 g6 3.g3 Bg7 4.Bg2 d5 5.cxd5 Nxd5 6.e4 Nb6 7.Ne2 O-O 8.O-O N8d7
9.a4 a5 10.Nec3 e5 11.d5 f5 12.Na3 Nc5 13.Nab5 fxe4 14.Be3 Qe7 15.Nxc7 Qxc7
16.Nb5 Qe7 17.d6 Qd7 18.Bxc5 Nc4 19.Nc7 b6 20.Nxa8 bxc5 21.Nb6 Nxb6 22.Qb3+ c4
23.Qxb6 Rf6 24.Rfd1 Bf8 25.Bxe4 Rxd6 26.Rxd6 Bxd6 27.Rd1 Qg4 28.Qxd6 Be6
29.Qxe6+ Kg7 30.Rd7+ Kh6 31.Qxg4 g5 32.Rxh7# 1-0

[Event "Cup North Sea (open)"]
[Site "masterchessopen.com Esbjerg (Denmark)"]
[Date "2008.07.11"]
[Round "1"]
[White "Spirin Oleg (RUS)"]
[Black "Andersen Daniel (DEN)"]
[Result "1-0"]
[WhiteElo "2438"]
[BlackElo "1940"]

1.d4 Nf6 2.c4 g6 3.g3 Bg7 4.Bg2 d5 5.cxd5 Nxd5 6.e4 Nb6 7.Ne2 e5 8.d5 c6
9.Nbc3 O-O 10.O-O cxd5 11.exd5 f5 12.a4 Na6 13.Qb3 Nc5 14.Qa2 Bd7 15.a5 Nc8
16.Qc4 Ne4 17.Nxe4 fxe4 18.Nc3 Nd6 19.Qb4 Bf5 20.Nxe4 Bxe4 21.Bxe4 Rc8 22.Bg2
Rc4 23.Qb3 Qd7 24.Be3 a6 25.Rfc1 Rfc8 26.Bf1 Rxc1 27.Rxc1 Rxc1 28.Bxc1 Nf5
29.Qc4 Bf8 30.Bd2 Nd6 31.Qb3 Be7 32.Bc3 Bf6 33.Qb4 h5 34.h4 Kh7 35.Bh3 Qc7
36.Be6 Bg7 37.Bd2 Bh6 38.Bc3 Bg7 39.Kg2 Nb5 40.Bd2 Qd6 41.Qc4 Qc7 42.Qxc7 Nxc7
43.Bc8 {#r} 1-0

[Event "Ch Russia (club) (juniors) (under 18)"]
[Site "masterchessopen.com Rybinsk (Russia)"]
[Date "2008.08.03"]
[Round "2"]
[White "Nikolaev Evgeny (RUS)"]
[Black "Pyatnitsyn Maxim (RUS)"]
[Result "1-0"]
[WhiteElo "2290"]
[BlackElo "1899"]

1.d4 Nf6 2.c4 g6 3.g3 Bg7 4.Bg2 d5 5.cxd5 Nxd5 6.e4 Nb6 7.Ne2 Nc6 8.d5 Ne5
9.O-O O-O 10.Nbc3 e6 11.b3 exd5 12.exd5 Bg4 13.f3 Bc8 14.f4 Ng4 15.h3 Nf6
16.Ba3 Re8 17.Rc1 Bd7 18.Nd4 a6 19.g4 Bf8 20.Bxf8 Kxf8 21.Qd2 Qe7 22.f5 Qd6
23.fxg6 hxg6 24.Qh6+ Kg8 25.Ne6 Bxe6 26.Rxf6 Qe5 27.Ne4 Nxd5 28.Rcf1 Rad8
29.h4 Qd4+ 30.Kh1 Rd7 31.Rxg6+ fxg6 32.Qxg6+ Qg7 33.Qxe8+ Kh7 34.Ng5+ {#r} 1-0

[Event "Ch Germany (seniors) (team)"]
[Site "masterchessopen.com Berlin (Germany)"]
[Date "2008.09.03"]
[Round "4"]
[White "Adibekian Roubik Dr (GER)"]
[Black "Jacobi Karl-Heinz (GER)"]
[Result "1-0"]
[WhiteElo "2252"]
[BlackElo "2144"]

1.d4 Nf6 2.c4 g6 3.g3 d5 4.cxd5 Nxd5 5.Bg2 Bg7 6.e4 Nb6 7.Ne2 O-O 8.O-O e6
9.a4 a5 10.Nbc3 Na6 11.b3 Re8 12.Be3 c6 13.Rc1 Nb4 14.f4 Nd7 15.Bf2 Nb6 16.Qd2
f5 17.e5 Kf7 18.Rfd1 Bf8 19.Qe3 Be7 20.Qf3 h5 21.h4 Bf8 22.Kh2 Kg7 23.Ng1 N6d5
24.Nxd5 Nxd5 25.Qd3 Nb4 26.Qe2 Re7 27.Nh3 Re8 28.Bf3 Kh6 29.Ng5 Qe7 30.Rg1 Rd8
31.g4 hxg4 32.Bxg4 fxg4 33.Qxg4 Bd7 34.Be3 Nd5 35.Bd2 Qe8 36.f5 exf5 37.Nf7+
{#r} 1-0

[Event "Ch Russia (students) (team)"]
[Site "masterchessopen.com Belgorod (Russia)"]
[Date "2008.10.06"]
[Round "2"]
[White "Shishkin Pavel (RUS)"]
[Black "Zemtsov Igor (RUS)"]
[Result "0-1"]
[WhiteElo "2171"]
[BlackElo "2387"]

1.d4 Nf6 2.c4 g6 3.g3 Bg7 4.Bg2 d5 5.cxd5 Nxd5 6.e4 Nb6 7.Ne2 Nc6 8.d5 Na5
9.Qc2 e6 10.Bd2 Nac4 11.Bc3 e5 12.b3 Nd6 13.f4 Qe7 14.Qb2 Nd7 15.Nd2 Nb5
16.Rc1 Nc5 17.Qc2 Na3 18.Qd1 Nd3+ 19.Kf1 O-O 20.fxe5 f5 21.Kg1 Bh6 22.h3 Be3+
23.Kh2 Nf2 24.Qe1 Nd3 25.Qd1 f4 26.e6 Nxc1 27.Qxc1 f3 28.Re1 fxg2 29.Bb2 Nb5
30.a4 Qb4 31.Nc3 g1=Q+ 32.Rxg1 Rf2+ 33.Rg2 Bxd2 34.Qc2 Rxg2+ 35.Kxg2 Bxc3 {#R}
0-1

[Event "Ch World (juniors) (under 12)"]
[Site "masterchessopen.com Vung Tau (Vietnam)"]
[Date "2008.10.24"]
[Round "6"]
[White "Nguyen Hung Cuong (VIE)"]
[Black "Girish A Koushik (IND)"]
[Result "1-0"]
[WhiteElo "1974"]
[BlackElo "2161"]

1.d4 Nf6 2.c4 g6 3.g3 d5 4.cxd5 Nxd5 5.Bg2 Bg7 6.e4 Nb6 7.Ne2 e5 8.d5 O-O
9.O-O c6 10.Nbc3 cxd5 11.exd5 Bg4 12.h3 Bxe2 13.Qxe2 Re8 14.Be3 Nc8 15.Rac1
Nd6 16.Nb5 Na6 17.Rfd1 f5 18.Nxd6 Qxd6 19.Qb5 Re7 20.Bg5 Rd7 21.Bf3 Rf7 22.Rc4
Kh8 23.Rdc1 Raf8 24.Rc8 Nc7 25.Qxb7 Ne6 26.Rxf8+ Bxf8 27.Bf6+ Kg8 28.dxe6 Rxb7
29.Bxb7 Qxe6 30.Rc6 Qf7 31.Bc8 Be7 32.Be6 Bxf6 33.Bxf7+ Kxf7 34.Rc7+ Be7
35.Rxa7 e4 36.Kf1 Ke6 37.Rxe7+ Kxe7 38.Ke2 Kd6 39.b4 g5 40.a4 f4 41.a5 Kc6
42.a6 Kb6 43.b5 h5 44.gxf4 gxf4 45.Kd2 h4 46.Kc3 Ka7 47.Kd4 e3 48.Kd3 exf2
49.Ke2 Kb6 50.Kxf2 {#r} 1-0

[Event "It (cat.8)"]
[Site "masterchessopen.com Budapest (Hungary)"]
[Date "2008.11.06"]
[Round "6"]
[White "Ilincic Zlatko (SRB)"]
[Black "Martinovic Sasa (CRO)"]
[Result "1-0"]
[WhiteElo "2542"]
[BlackElo "2416"]

1.d4 Nf6 2.c4 g6 3.g3 Bg7 4.Bg2 d5 5.cxd5 Nxd5 6.e4 Nb6 7.Ne2 c5 8.d5 e6 9.O-O
O-O 10.Nec3 Na6 11.Nd2 Nb4 12.Nb3 exd5 13.exd5 c4 14.Nc5 Nd7 15.Be3 Re8
16.N5e4 Ne5 17.Qa4 Nbd3 18.Nd6 Bd7 19.Qc2 Ba4 20.Qxa4 Qxd6 21.Rab1 f5 22.h3 a6
23.Qc2 b5 24.Qd2 b4 25.Na4 Nxb2 26.Bc5 Qd7 27.Nxb2 c3 28.Qd1 cxb2 29.Rxb2 Nf3+
30.Bxf3 Bxb2 31.d6 Bc3 32.Bxa8 {#r} 1-0

[Event "It (open) (masters)"]
[Site "masterchessopen.com Benidorm (Spain)"]
[Date "2008.12.06"]
[Round "6"]
[White "Colovic Aleksandar (MKD)"]
[Black "Delchev Aleksander (BUL)"]
[Result "0-1"]
[WhiteElo "2458"]
[BlackElo "2632"]

1.d4 Nf6 2.c4 g6 3.g3 Bg7 4.Bg2 d5 5.cxd5 Nxd5 6.e4 Nb6 7.Ne2 c5 8.d5 e6 9.O-O
exd5 10.exd5 O-O 11.Nec3 Bf5 12.Bf4 N8d7 13.Re1 Nf6 14.Na3 Re8 15.Qd2 Qd7
16.Rad1 Bh3 17.Bh1 a6 18.b3 h5 19.Nc2 Ng4 20.a4 c4 21.a5 cxb3 22.axb6 bxc2
23.Qxc2 Rac8 24.Bc7 Bd4 25.Rxe8+ Qxe8 26.Ne4 Bxb6 27.d6 Qd7 28.Bf3 Qf5 29.d7
Rd8 30.Qc3 Bxc7 31.Qxc7 Qxf3 32.Qxd8+ Kg7 33.Qf8+ Kxf8 34.d8=Q+ Kg7 35.Qd4+ f6
36.Qd7+ Kh6 37.Qd2+ g5 {#R} 0-1

[Event "Ch Hungary (team) 2008/09"]
[Site "masterchessopen.com Hungary"]
[Date "2008.12.21"]
[Round "4"]
[White "Ilincic Zlatko (SRB)"]
[Black "Sedlak Nikola (SRB)"]
[Result "0-1"]
[WhiteElo "2542"]
[BlackElo "2553"]

1.d4 Nf6 2.c4 g6 3.g3 Bg7 4.Bg2 d5 5.cxd5 Nxd5 6.e4 Nb6 7.Ne2 O-O 8.Nbc3 Na6
9.O-O c5 10.d5 e6 11.Nf4 e5 12.Nd3 c4 13.Ne1 Bd7 14.f4 Nc5 15.fxe5 Bxe5 16.Bh6
Re8 17.Qd2 Nba4 18.Nxa4 Nxa4 19.Rb1 f6 20.b3 cxb3 21.Rxb3 Nc5 22.Rb1 Rc8
23.Nc2 Qe7 24.Nd4 Qd6 25.Rfe1 Qa6 26.Nf3 Bd6 27.Nd4 Qd3 28.Qxd3 Nxd3 29.Red1
Nc5 30.Bf4 Bf8 31.h4 b6 32.Nc6 Nxe4 33.Bxe4 Rxe4 34.Nxa7 Rc2 35.Rd2 Bc5+
36.Kh1 Rxd2 37.Bxd2 Bg4 38.Re1 Ra4 39.Nb5 Bf3+ {#R} 0-1

[Event "It (open)"]
[Site "masterchessopen.com Rochefort (France)"]
[Round "1"]
[White "Miron Lucian-Costin (ROM)"]
[Black "Doros Radu Marian (ROM)"]
[Result "1-0"]
[WhiteElo "2479"]
[BlackElo "2192"]

1.d4 Nf6 2.c4 g6 3.g3 d5 4.cxd5 Nxd5 5.Bg2 Bg7 6.e4 Nb6 7.Ne2 O-O 8.O-O c5
9.d5 e6 10.Nbc3 Na6 11.Nf4 e5 12.Nfe2 Nc4 13.b3 Nd6 14.Be3 Bg4 15.h3 Bxe2
16.Qxe2 Rc8 17.Nb5 Nxb5 18.Qxb5 Qb6 19.Qxb6 axb6 20.Rfd1 Rfd8 21.Bf1 Nb4
22.Rd2 f5 23.Bg5 Rd7 24.Bc4 Kf8 25.d6 Nc6 26.Be6 Rcd8 27.Bxd7 Rxd7 28.Kg2 h6
29.Be7+ Nxe7 30.dxe7+ Rxe7 31.Rd6 {#r} 1-0

[Event "It \"]
[Site "masterchessopen.com Copenhagen (Denmark)"]
[Date "2009.04.19"]
[Round "2"]
[White "Bekker-Jensen Simon (DEN)"]
[Black "Christensen Stefan (DEN)"]
[Result "1-0"]
[WhiteElo "2415"]
[BlackElo "2283"]

1.d4 Nf6 2.c4 g6 3.g3 d5 4.cxd5 Nxd5 5.Bg2 Bg7 6.e4 Nb6 7.Ne2 e5 8.d5 c6
9.Nbc3 cxd5 10.exd5 O-O 11.O-O Na6 12.b3 Re8 13.Ba3 Bg4 14.Rc1 e4 15.d6 Rc8
16.Qd2 Nc5 17.Nf4 Bh6 18.Bxc5 Rxc5 19.Nxe4 Rce5 20.Nc5 Re2 21.Qd4 Bg7 22.Qd3
Rxa2 23.Nxb7 Qf6 24.Bc6 Be2 25.d7 Nxd7 26.Qxd7 Re5 27.Rfe1 g5 28.Nxe2 Rexe2
29.Rxe2 Rxe2 30.Qd8+ Qxd8 31.Nxd8 Bd4 32.Bd5 Rxf2 33.Kh1 Kf8 34.Nxf7 Ke7
35.Bc4 Kf6 36.Nd6 Ke5 37.Nb5 Be3 38.Re1 Ke4 39.Nd6+ Kd4 40.Rf1 Rxf1+ 41.Bxf1
Kc3 42.Bc4 a5 43.Bg8 h5 44.Nc4 {#r} 1-0